Zo života ZO protifašistických bojovníkov

Bibliographic Details
Main Author: Pavlák, Milan (Author)
Format: Article
Language:Slovak
PhysicalDescription:Fotogr.
Subjects:

MARC

LEADER 00000nab a2200000 a 4500
001 vtls010451768
003 SK-MaSNL
005 20260303223535.0
008 120920 2012 xo b 000 0 slo
038 |a PPPK 
040 |a PPPKCL  |b slo  |c PPPK  |e AACR2 
041 0 |a slo 
044 |a xo  |c SK 
080 |a 323.25/.26  |2 2001 
100 1 |a Pavlák, Milan  |4 aut  |9 381619 
245 1 0 |a Zo života ZO protifašistických bojovníkov  |c JUDr. Milan Pavlák, predseda ZO SZPB 
300 |b Fotogr. 
610 2 7 |a Slovenský zväz protifašistických bojovníkov (Spišský Štiavnik, Slovensko)  |2 pppkcl  |9 1258195 
650 0 7 |a hnutie odporu  |2 pppkcl  |9 83610 
651 7 |a Nová Lesná (Slovensko)  |2 pppkcl  |9 54981 
651 7 |a Poprad (Slovensko : okres)  |2 pppkcl  |9 28675 
773 0 |t Nová Lesná : obecný spravodajca  |g Roč. 6, č. 2 (2012), s. 10 
852 |a PPPK  |b KIS3GCP 
999 |c 2248255  |d 2250185